01140nam a2200241 i 4500001000700000003000900007005001700016007000300033008004100036040001300077080001700090100003800107245019500145246003400340260007500374300002900449500010900478500013200587610004800719650005300767710005000820852002800870106438ES-MaACL20240428063034.0t|061120s1922 xxu |||| | spa d cES-MaACL a81-23:37(73)1 aWilkins, Lawrence A.,d1878-eaut13aLa enseñanza de lenguas modernas en los Estados Unidos :bconferencias dadas en el Centro de Estudios Históricos y en el Ateneo... durante el otoño de 1921 / cpor Lawrence A. Wilkins. aEspaña y los Estados Unidos aNew York : bInstituto de las Españas en los Estados Unidos, c1922. a160 páginas ; c25 cm. aPrecede al tít.: Junta para Ampliación de Estudios. Instituto de las Españas en los Estados Unidos aConferencia leída en el Ateneo de Madrid el 8 de diciembre de 1921, con el tít.: España y los Estados Unidos (p. 144-155)24aAteneo de Madrid-vConferencias-y1900-1939 4aLenguas modernas-xEnseñanza-zEstados Unidos.2 aHispanic Institute in the United States.eedt aES-MaACLcDEPO2jG-4230